My Way Missing Lyrics - Statistics

General Stats
  • This quiz has been taken 111 times
  • The average score is 27 of 37
Answer Stats
Verse Missing word(s) % Correct
And now, the ___ is near end
99%
And so I face the final _______ curtain
98%
I'll state my case, of which I'm _______ certain
97%
I did it __ ___ my way
96%
I did it __ ___ my way
96%
And did it __ ___ my way
96%
I did it __ ___ my way
96%
And did it __ ___ my way
96%
Yes, it was __ ___ my way
96%
But ____, much ____ than this more
95%
And ____, much ____ than this more
95%
I've _____ a life that's full lived
94%
I've traveled each and every _______ highway
91%
I did what I ___ to do had
90%
My ______, I'll say it clear friend
88%
But then again, too few to _______ mention
87%
_______, I've had a few Regrets
80%
For what is a ___, what has he got man
79%
Yes, there were times, I'm sure you ____ knew
78%
____ I bit off more than I could chew When
72%
Each careful ____ along the byway step
69%
To think I ___ all that did
66%
To say the things he truly _____ feels
62%
If not _______, then he has naught himself
62%
And may I say - not in a ___ way shy
62%
I ___ it up and spit it out ate
60%
I find it all so _______ amusing
54%
But through it all, when there was _____ doubt
54%
Oh no, oh no, ___ __ not me
53%
I've _____, I've laughed and cried loved
52%
And saw it through without _________ exemption
51%
I've had my fill my share of ______ losing
50%
The ______ shows I took the blows record
50%
I planned each ______ ______ charted course
48%
And not the words of one who ______ kneels
47%
And now, as tears _______ subside
46%
I _____ it all and I stood tall faced
33%
No matching quizzes found
Score Distribution
Percent of People with Each Score
Percentile by Number Answered
Your Score History
You have not taken this quiz